| 000 | 00748nam a2200229Ia 4500 | ||
|---|---|---|---|
| 003 | GCL | ||
| 005 | 20240530105239.0 | ||
| 008 | 140319s9999 xx 000 0 ara d | ||
| 040 |
_aGCL / _cGCL |
||
| 082 | 0 | 4 |
_a350.8715 _bم.ج |
| 100 | 1 | _aمعوض عبدالتواب | |
| 245 | 1 | 0 |
_aجرائم التلوث : من الناحيتين القانونية والفنية / _cمعوض عبدالتواب |
| 260 |
_a[S.N] : _bمنشاة المعارف ، _c1986 |
||
| 300 | _a471 ص | ||
| 490 |
_aالكتب القانونية _v0 |
||
| 650 | 0 | 4 | _aالقانون |
| 650 | 0 | 4 | _aالبيئة |
| 650 | 0 | 4 | _aحماية البيئة |
| 650 | 0 | 4 | _aقوانين وتشريعات |
| 700 | 1 | _aمصطفى معوض عبدالتواب | |
| 942 |
_2ddc _cBK |
||
| 999 |
_c54297 _d54297 |
||